1763 1341 1882 1907 1199 1478 1144 1915 1472 1518 1023 1121 1073 1786 1457 1453 1679 1984 1608 1597 1907 1276 1166 1102 1493 1865 1879 1923 1760 1539 1334 1437 1786 1574 1311 1200 1246 1269 1666 1050 1993 1676 1903 1823 1308 1879 1352 1656 1737 1531 1401 1267 1207 1060 1909 1032 1027 1772 1308 1591 1955 1258 1786 1445 1144 1571 1707 1193 1375 1787 1365 1184 1529 1321 1549 1453 1382 1812 1626 1691 1233 1316 1100 1854 1764 1759 1460 1521 1898 1825 1755 1952 1989 1304 1020 1384 1257 1193 1210 BCNSPRNW ULIB Ver.6.0+V

เปลี่ยนเป็นภาษาไทย

Change to English
 แสดงรายละเอียดบรรณานุกรม
  กลับหน้าหลัก

Brief Record : Get Marc (ISO 2709) : E-mail record : QR code < ปิดหน้าต่าง
LEADER : 00000nam 2200000uu 4500
001    13399127219
003     ULIB
008    200227s2562||||th 000 0 tha d
020    ^a9786161141714
060  0 ^aWY159^bส122ก
100 0  ^aสกลสุภา อภิชัจบุญโชค และธิดารัตน์ มองหนุน
245 00 ^aการพยาบาลผู้ป่วยเด็กและวัยรุ่นโรคเบาหวาน/^cสกลสุภา อภิชัจบุญโชค และธิดารัตน์ มองหนุน
260    ^aอุบลราชธานี:^bวิทยาลัยพยาบาลบรมราชชนนี สรรพสิทธิประสงค์,^c2562
650  0 ^aการพยาบาลเด็กและวัยรุ่น
650  0 ^aการพยาบาล- -โรคเบาหวาน
650  0 ^aการพยาบาลเด็ก- -โรคเบาหวาน
650  0 ^aโรคเบาหวานในเด็ก
856    ^a^zสารบัญ^uhttps://drive.google.com/open?id=1LLrP04jOt7GfEkOWjw1_1ZyC0c3NOpNi
945    ^p125^l0^i006393
999    ^aประนอม เกษจรัล
รายการนี้ยังไม่มีแท็ก
คุณยังไม่ได้ล็อกอิน คุณสามารถมีกิจกรรมร่วมกับเว็บไซต์ได้ แต่ต้องล็อกอินก่อน ::
  ล็อกอิน

รายการสื่อสารสนเทศ

ลำดับที่ ประเภท เลขเรียก/บาร์โค้ด สถานที่ สถานะ
1. Book การพยาบาล
หนังสือสำรอง
สถานะ=หนังสือสำรอง
WY159 ส122ก ฉ.1 
  Barcode: 006393
ห้องสมุดวิทยาเขตสวรรค์ประชารักษ์
►หนังสือทั่วไป
บนชั้น

รายการใกล้เคียง
    หัวเรื่อง [การพยาบาลเด็กและวัยรุ่น]

BibComment


ยังไม่เคยถูกคอมเมนท์

คอมเมนท์ทรัพยากรรายการนี้
  คอมเมนท์: การพยาบาลผู้ป่วย..


 Copyright 2026. Bcnsprnw @Library